Sports Quiz

Random Sports or Football Quiz

Football stars Quiz Stats

 Plays Quiz not verified by Sporcle

Score 0/10 Timer 05:00
0 Plays Today
# Answer % Correct
What is the name of best football player in 2010?Lionel Messi
93.8%
Who is the best player ever?Pele
45.3%
Who is the best England free kicker player?David Beckham
42.2%
Who won last FIFA World Cup?Spain
40.6%
Who is most earning goalkeeper in 2010?Iker Casillas
39.1%
Who was the best player in FIFA World Cup?Diego Forlan
26.6%
Who won champions league 2009/2010?Internazionale Milano
14.1%
Who is the most earning player in 2010C.Ronaldo
12.5%
How many goals Inzagi scored in CL?70
10.9%
Who is the best goal scorer in CL?Pippo Inzagi
7.8%

You're not logged in!

Compare scores with friends on all Sporcle quizzes.
OR
Log In

Show Comments

Extras

Created Nov 22, 2010ReportNominate
Tags:Football Quiz, star

Top Quizzes Today


Score Distribution

Your Account Isn't Verified!

In order to create a playlist on Sporcle, you need to verify the email address you used during registration. Go to your Sporcle Settings to finish the process.

Report this User

Report this user for behavior that violates our Community Guidelines.

Details: